Toutes les communes du Val d'Oise avec une carte - Statistiques

Statistiques générales
  • Ce quiz a été pris 3 571 fois
  • Le résultat moyen est 43 sur 184
Réponses sur la Carte
Les réponses sont colorées sur une échelle allant du rouge au vert en fonction du pourcentage des utilisateurs qui les ont devinées à leur premier essai. Vous pouvez retrouver ces pourcentages ci-dessous.
 
Statistiques - réponses
Réponse % Correct
Cergy
91%
Argenteuil
86%
Pontoise
86%
Sarcelles
84%
Ermont
65%
Eaubonne
64%
Gonesse
64%
Franconville
63%
Garges-lès-Gonesse
61%
Herblay
60%
Montmorency
59%
Enghien-les-Bains
58%
Saint-Ouen-l'Aumône
56%
Taverny
56%
L'Isle-Adam
53%
Sannois
53%
Goussainville
52%
Bezons
50%
Domont
50%
Saint-Gratien
50%
Beaumont-sur-Oise
49%
Persan
49%
Villiers-le-Bel
49%
Roissy-en-France
48%
Cormeilles-en-Parisis
47%
Deuil-la-Barre
47%
Osny
47%
Éragny
46%
Saint-Leu-la-Forêt
46%
Montigny-lès-Cormeilles
43%
Auvers-sur-Oise
42%
Méry-sur-Oise
42%
Luzarches
40%
Magny-en-Vexin
40%
Soisy-sous-Montmorency
40%
Beauchamp
39%
Louvres
38%
Pierrelaye
38%
Écouen
37%
Ézanville
37%
Montmagny
37%
Saint-Brice-sous-Forêt
37%
Arnouville
36%
Saint-Prix
35%
Vauréal
35%
Bessancourt
33%
Le Plessis-Bouchard
33%
Us
33%
Bouffémont
31%
Groslay
31%
Jouy-le-Moutier
31%
La Frette-sur-Seine
31%
Neuville-sur-Oise
31%
Courdimanche
30%
Fosses
30%
Frépillon
30%
Valmondois
29%
Montsoult
28%
Marines
27%
Andilly
26%
Mériel
26%
Parmain
25%
Viarmes
25%
Chars
24%
Champagne-sur-Oise
23%
Maffliers
23%
Margency
23%
Menucourt
23%
Presles
23%
Survilliers
23%
Moisselles
22%
Asnières-sur-Oise
21%
Attainville
21%
Montlignon
21%
Piscop
21%
Cormeilles-en-Vexin
20%
Ennery
20%
Boissy-l'Aillerie
19%
Butry-sur-Oise
19%
Le Thillay
19%
Saint-Witz
19%
Wy-dit-Joli-Village
19%
Mours
18%
Nointel
18%
Puiseux-Pontoise
18%
Ableiges
17%
Baillet-en-France
17%
Bruyères-sur-Oise
17%
Chauvry
17%
Courcelles-sur-Viosne
17%
La Roche-Guyon
17%
Marly-la-ville
17%
Nesles-la-Vallée
17%
Vigny
17%
Belloy-en-France
16%
Villiers-Adam
16%
Grisy-les-Plâtres
15%
Sagy
15%
Saint-Clair-sur-Epte
15%
Seugy
15%
Vaud'herland
15%
Bonneuil-en-France
14%
Saint-Martin-du-Tertre
14%
Santeuil
14%
Bernes-sur-Oise
13%
Béthemont-la-Forêt
13%
Chaumontel
13%
Puiseux-en-France
13%
Vallangoujard
13%
Boisemont
12%
Le Perchay
12%
Montgeroult
12%
Théméricourt
12%
Vémars
12%
Aincourt
11%
Arronville
11%
Bray-et-Lû
11%
Épiais-Rhus
11%
Fontenay-en-Parisis
11%
Génicourt
11%
Noisy-sur-Oise
11%
Nucourt
11%
Seraincourt
11%
Villiers-le-Sec
11%
Arthies
10%
Avernes
10%
Chaussy
10%
Épiais-lès-Louvres
10%
Frémainville
10%
Livilliers
10%
Montreuil-sur-Epte
10%
Saint-Gervais
10%
Ambleville
9%
Amenucourt
9%
Bouqueval
9%
Buhy
9%
Chennevières-lès-Louvres
9%
Cléry-en-Vexin
9%
Frouville
9%
Guiry-en-Vexin
9%
Hérouville-en-Vexin
9%
La Chapelle-en-Vexin
9%
Le Mesnil-Aubry
9%
Nerville-la-Forêt
9%
Omerville
9%
Vétheuil
9%
Bellefontaine
8%
Charmont
8%
Chérence
8%
Commeny
8%
Condécourt
8%
Frémécourt
8%
Genainville
8%
Gouzangrez
8%
Hédouville
8%
Hodent
8%
Le Bellay-en-Vexin
8%
Le Plessis-Luzarches
8%
Longuesse
8%
Mareil-en-France
8%
Neuilly-en-Vexin
8%
Villaines-sous-Bois
8%
Villeron
8%
Banthelu
7%
Châtenay-en-France
7%
Épinay-Champlâtreux
7%
Haravilliers
7%
Haute-Isle
7%
Labbeville
7%
Le Plessis-Gassot
7%
Moussy
7%
Ronquerolles
7%
Villers-en-Arthies
7%
Berville
6%
Bréançon
6%
Brignancourt
6%
Jagny-sous-Bois
6%
Lassy
6%
Le Heaulme
6%
Maudétour-en-Vexin
6%
Saint-Cyr-en-Arthies
6%
Theuville
6%
Vienne-en-Arthies
6%
Menouville
5%
Aucun quiz correspondant
Distribution des résultats
% des personnes avec chaque résultat
Percentile par nombre de réponses
Votre historique - résultats
Vous n’avez pas pris ce quiz